000 01069nam1a22002771i 4500
001 v19\rc\1434678
005 20240726013444.0
035 _a(NLR Aleph) 004579673
090 _a2512226
_c2512226
100 _a20060620d1866 |||y0rusy50 ca
101 1 _arus
_cger
102 _aRU
_aDE
105 _a z |||||
200 1 _aАнатомия лягушки
_eРуководство для физиологов, врачей и учащихся
_f[Соч.] Александра Эккера, проф. анатомии и сравнит. анатомии во Фрейбурге
_gПер. С. Ламанского. Вып. 1-
210 _aСанкт-Петербург
_cЯковлев
_d1866
_eБрауншвейг
215 _d24
700 1 _aЭккер
_bА.
_f1816-1887
_gАлександр
702 1 _aЛаманский
_bС.
_4730
801 0 _aRU
_bNLR
_gpsbo
801 0 _aRU
_bRuMoRGB
_2psbo
801 1 _aRU
_bProSoft-M
_2rusmarc
852 _aNLR
_j18.280.3.43
852 _aNLR
_j130/1586
899 _aRuMoRGB
_jS 4/344
899 _aНБ СПбГУ
942 _cBOOK